[Event "VIII Primavera de Gros"]
[Site "Donostia-San Sebastian"]
[Date "2012.05.19"]
[Round "5"]
[White "Fuente San Sebastian, Ernesto"]
[Black "Etxagibel Larranaga, Asier"]
[Result "0-1"]
[WhiteElo "1906"]
[BlackElo "2026"]

1.c4 Nf6 2.Nc3 c5 3.g3 g6 4.Bg2 Bg7 5.Nf3 Nc6 6.d3 O-O 7.O-O Rb8 8.Bf4 d6 
9.Qd2 Re8 10.Bh6 Bh8 11.h3 Bd7 12.Kh2 a6 13.Rad1 b5 14.Ng5 bxc4 15.dxc4 
Ne5 16.b3 Neg4+ 17.hxg4 Nxg4+ 18.Kg1 Nxh6 19.Nce4 Qc8 20.Nf3 Bg7 21.Nc3 
Nf5 22.Nd5 Nd4 23.Kh2 Nc6 24.Rh1 Nb4 25.Ng5 h6 26.Nf3 a5 27.Kg1 Nxd5 28.
Qxd5 a4 29.Nh4 Be6 30.Qd3 axb3 31.axb3 Qd7 32.Be4 Rf8 33.Kg2 Rb6 34.f3 
Rfb8 35.Rb1 f5 36.Bd5 Bxd5 37.cxd5 Qe8 38.g4 fxg4 39.Nxg6 Rb4 40.Qf5 gxf3+
41.exf3 Qf7 42.Qd3 Rd4 43.Qc2 Rxd5 44.Rbe1 Rg5+ 0-1

[Event "VIII Primavera de Gros"]
[Site "Donostia-San Sebastian"]
[Date "2012.05.19"]
[Round "5"]
[White "Tholey, Jean-Paul"]
[Black "Izagirre Alsua, Aritz"]
[Result "1-0"]
[WhiteElo "1978"]
[BlackElo "1828"]

1.d4 Nf6 2.c4 g6 3.Nc3 Bg7 4.e4 d6 5.f3 O-O 6.Bg5 a6 7.Qd2 Nbd7 8.Nge2 c5 
9.Rd1 Qa5 10.Nd5 Qxd2+ 11.Rxd2 Nxd5 12.exd5 Re8 13.Kf2 b5 14.dxc5 dxc5 15.
Nc3 bxc4 16.Na4 Rb8 17.Bxc4 Rb4 18.b3 Bd4+ 19.Be3 Bxe3+ 20.Kxe3 Nb6 21.Nb2
a5 22.Rc1 a4 23.Nd3 Nxc4+ 24.bxc4 Rb6 25.Nxc5 Ba6 26.Nxa4 Rb4 27.Nb2 Reb8 
28.Rcc2 Bc8 29.Nd3 Ra4 30.g4 f5 31.Ne5 Kg7 32.g5 Rb1 33.Kd4 f4 34.Rb2 Re1 
35.Re2 Rg1 36.Nc6 e6 37.dxe6 Rxg5 38.e7 Bd7 39.e8=Q Bxe8 40.Rxe8 Rh5 41.
Re7+ Kf6 42.Ra7 Rxa7 43.Nxa7 Ke6 44.Nb5 Kd7 45.Ke4 g5 46.Nd4 Kd6 47.a4 Kc5
48.a5 Rh6 49.Kd3 Ra6 50.Rb5+ 1-0

[Event "VIII Primavera de Gros"]
[Site "Donostia-San Sebastian"]
[Date "2012.05.19"]
[Round "5"]
[White "Aranzabal Minguez, Alex"]
[Black "Izquierdo Arruferia, Joseba"]
[Result "0-1"]
[WhiteElo "1913"]
[BlackElo "1826"]

1.d4 e6 2.c4 d5 3.Nf3 Nf6 4.Nc3 Be7 5.cxd5 exd5 6.Bg5 c6 7.Qc2 O-O 8.e3 
Nbd7 9.Bd3 Re8 10.h3 Nf8 11.Rb1 h6 12.Bf4 Bd6 13.Bxd6 Qxd6 14.b4 Ne6 15.
O-O Ng5 16.Nxg5 hxg5 17.Bf5 Qe7 18.Rfc1 g6 19.Bxc8 Raxc8 20.Qd1 Qd7 21.a4 
g4 22.hxg4 Nxg4 23.b5 Kg7 24.bxc6 bxc6 25.Qf3 Nf6 26.Ne2 Ne4 27.Rb2 Rb8 
28.Rbc2 Re6 29.Nc3 Rf6 30.Qh3 Qxh3 31.gxh3 Ng5 32.Kg2 Rh8 33.Rh1 Rb8 34.f4
Ne6 35.Ne2 Nd8 36.Rhc1 Rb4 37.a5 Rb5 38.Rc5 Rxc5 39.dxc5 Nb7 40.a6 Na5 41.
Rb1 Re6 42.Kf2 Nc4 43.Rb3 Na5 44.Rb4 Re8 45.Nd4 Kf6 46.Nb3 Nc4 47.Rb7 Re7 
48.Nd4 Na5 49.Rb8 Rc7 50.Nb3 Nc4 51.Rb7 Re7 52.Nd4 Na5 53.Rb4 Rc7 54.Ke2 
Rc8 55.Nb3 Nxb3 56.Rxb3 Rc7 57.Kd3 Ke6 58.Kd4 f6 59.Rb8 Rh7 60.Rb7 Rd7 61.
h4 Re7 62.Rb8 Rc7 63.Rb7 Re7 64.Rb8 Rc7 65.Rb7 Re7 66.e4 dxe4 67.Kxe4 f5+ 
68.Kd4 Rd7+ 69.Kc4 Ke7 70.Rb8 Rd8 71.Rb1 Rd7 72.Re1+ Kf7 73.Re5 Rd1 74.Re3
Ra1 75.Rd3 Rxa6 76.Kb4 Ra1 77.Rd7+ Ke8 78.Rg7 a5+ 79.Kb3 a4+ 80.Kb2 Rf1 
81.Rxg6 Rxf4 82.Rxc6 Rxh4 83.Rf6 Rf4 84.Ka3 Ke7 85.Ra6 Kd7 86.Rh6 Rc4 87.
Rh7+ Kc6 88.Rf7 Rxc5 89.Kxa4 Re5 90.Kb4 Kd5 91.Kc3 Ke4 92.Kd2 Kf3 93.Rb7 
f4 94.Rb3+ Kg2 95.Rb8 f3 96.Rg8+ Kf2 97.Rg7 Rd5+ 98.Kc1 Kf1 99.Kc2 f2 100.
Kc3 Ke2 101.Re7+ Kf1 102.Kc4 Rg5 103.Kd3 Kg2 0-1

[Event "VIII Primavera de Gros"]
[Site "Donostia-San Sebastian"]
[Date "2012.05.19"]
[Round "5"]
[White "Elizondo Market, Juan Marcos"]
[Black "Lakunza Oyarbide, Juan Carlos"]
[Result "1-0"]
[WhiteElo "1865"]
[BlackElo "2111"]

1.e4 c5 2.Nf3 Nc6 3.d4 cxd4 4.Nxd4 Nf6 5.Nc3 g6 6.Bc4 Bg7 7.Nf3 O-O 8.O-O 
d6 9.h3 Bd7 10.Qe2 a6 11.a4 Rb8 12.Rd1 Na5 13.Ba2 b5 14.axb5 axb5 15.e5 
dxe5 16.Nxe5 b4 17.Ne4 Bb5 18.Rxd8 Bxe2 19.Rxb8 Rxb8 20.Bxf7+ Kf8 21.Nxf6 
Bxf6 22.Nd7+ Kxf7 23.Nxb8 Be5 24.Rxa5 Bxb8 25.Be3 Ke6 26.Bc5 Be5 27.Bxb4 
Bxb2 28.c3 Bc1 29.h4 Bf4 30.Ra7 Bd6 31.Bxd6 Kxd6 32.f3 Bd3 33.Kf2 h6 34.
Ke3 Bc4 35.Kd4 Bf1 36.g3 Be2 37.Ke3 Bc4 38.g4 Bf7 39.f4 Bc4 40.Kd4 Be2 41.
g5 hxg5 42.hxg5 Ke6 43.c4 Bf3 44.Ra6+ Kf5 45.Ke3 Bd1 46.c5 Bc2 47.c6 Ke6 
48.c7+ Kd7 49.c8=Q+ 1-0

[Event "VIII Primavera de Gros"]
[Site "Donostia-San Sebastian"]
[Date "2012.05.19"]
[Round "5"]
[White "Galarza Cenzano, Inigo"]
[Black "Orube Bona, Andoni"]
[Result "1-0"]
[WhiteElo "2002"]
[BlackElo "1788"]

1.e4 c5 2.Nc3 g6 3.f4 Bg7 4.Nf3 Nc6 5.Bb5 Nd4 6.O-O Nf6 7.d3 a6 8.Bc4 b5 
9.Bb3 d6 10.Nxd4 cxd4 11.Ne2 O-O 12.a4 Bg4 13.Qe1 Qb6 14.Bd2 Nxe4 15.Ba5 
Qa7 16.Bd5 Rac8 17.Bxe4 Rxc2 18.Ng3 Rxb2 19.f5 gxf5 20.Bxf5 Bxf5 21.Nxf5 
Be5 22.axb5 Rxb5 23.Qe4 e6 24.Nh6+ Kh8 25.Bd2 Bg7 26.Qc6 Rb6 27.Qf3 f5 28.
g4 fxg4 29.Qxf8+ Bxf8 30.Rxf8+ Kg7 31.Rg8+ Kf6 32.Rf1+ 1-0

[Event "VIII Primavera de Gros"]
[Site "Donostia-San Sebastian"]
[Date "2012.05.19"]
[Round "5"]
[White "Rodriguez Cabrera, Fco  Javier"]
[Black "Garmendia Zubeldia, Daniel"]
[Result "1-0"]
[WhiteElo "1970"]
[BlackElo "1765"]

1.e4 c5 2.Nf3 g6 3.d4 cxd4 4.Nxd4 Bg7 5.c4 Nf6 6.Nc3 Nc6 7.Nb3 d6 8.Be2 
O-O 9.O-O Be6 10.f4 Rc8 11.Be3 Na5 12.Nxa5 Qxa5 13.Qb3 Ng4 14.Bxg4 Bxg4 
15.Nd5 Rfe8 16.Qxb7 Rxc4 17.Nxe7+ Kh8 18.Rac1 Rb4 19.Nc6 Rxb7 20.Nxa5 Rxb2
21.Nc4 Rxa2 22.Nxd6 Re7 23.f5 Rd7 24.Rc8+ Bf8 25.Bh6 Be2 1-0

[Event "VIII Primavera de Gros"]
[Site "Donostia-San Sebastian"]
[Date "2012.05.19"]
[Round "5"]
[White "Santos Zunzunegi, Iban"]
[Black "Navascues Zabaleta, Jesus"]
[Result "0-1"]
[WhiteElo "1937"]
[BlackElo "1755"]

1.e4 c5 2.Nc3 Nc6 3.g3 d6 4.Bg2 Nf6 5.d3 e6 6.f4 Be7 7.Nf3 O-O 8.O-O Rb8 
9.h3 b5 10.Qe1 Qb6 11.g4 b4 12.Nd1 d5 13.e5 Nd7 14.f5 Re8 15.Bf4 c4+ 16.
Kh1 cxd3 17.cxd3 Ba6 18.Qd2 Nd4 19.f6 Bf8 20.fxg7 Bxg7 21.Bh6 Nxf3 22.Rxf3
Nxe5 23.Qg5 Ng6 24.Bxg7 Kxg7 25.Qf6+ Kg8 26.Qxf7+ Kh8 27.Re3 Re7 28.Qf6+ 
Kg8 29.h4 Rf8 30.Qg5 Qd6 31.h5 Qf4 32.Qxf4 Nxf4 33.d4 Nxg2 34.Kxg2 Rf4 35.
Rc1 Rxg4+ 36.Kh3 Rxd4 37.Rc6 Bb7 38.Rc1 Rc4 39.Rxc4 dxc4 40.Nf2 Rf7 41.Ng4
Rf3+ 42.Rxf3 Bxf3 43.Ne5 Bd5 44.h6 c3 0-1

[Event "VIII Primavera de Gros"]
[Site "Donostia-San Sebastian"]
[Date "2012.05.19"]
[Round "5"]
[White "Ortega Lopez, Mikel"]
[Black "Arana Garate, Jon"]
[Result "1-0"]
[WhiteElo "1793"]
[BlackElo "1925"]

1.e4 d6 2.d4 Nf6 3.Nc3 g6 4.Nge2 Nbd7 5.g3 e5 6.Bg2 Bg7 7.O-O O-O 8.h3 h6 
9.Be3 c6 10.f4 Qe7 11.Qd2 Kh7 12.g4 b5 13.a3 Nb6 14.b3 Bb7 15.Rad1 Rad8 
16.Ng3 c5 17.d5 Ba6 18.Nce2 exf4 19.Nxf4 b4 20.Rfe1 bxa3 21.Qa5 Bc8 22.
Qxa3 a6 23.Nd3 Nbd7 24.Bf4 Ne8 25.Qa5 f6 26.b4 c4 27.Nb2 c3 28.Na4 Ne5 29.
Bxe5 fxe5 30.Nxc3 Rd7 31.b5 axb5 32.Nxb5 Qh4 33.Qa3 Rdf7 34.Rf1 Rf4 35.Ne2
Rf2 36.Qe3 R2f6 37.c4 R6f7 38.Rxf7 Rxf7 39.Rf1 Bf6 40.Qa3 Qg5 41.Qc1 Qh4 
42.Qa3 Qg5 43.Nxd6 Nxd6 44.Qxd6 Qe3+ 45.Kh2 Qg5 46.c5 h5 47.gxh5 gxh5 48.
Ng3 h4 49.Nf5 Bxf5 50.Rxf5 Qg3+ 51.Kg1 Qe1+ 52.Rf1 Qe3+ 53.Kh1 Qxh3+ 54.
Bxh3 1-0

[Event "VIII Primavera de Gros"]
[Site "Donostia-San Sebastian"]
[Date "2012.05.19"]
[Round "5"]
[White "Iglesias Gonzalez, Veronica"]
[Black "Tung, Siu Hung"]
[Result "0-1"]
[WhiteElo "1768"]
[BlackElo "1908"]

1.c4 e5 2.Nc3 Bc5 3.Nf3 Nc6 4.a3 a6 5.b4 Ba7 6.b5 axb5 7.cxb5 Nd4 8.Nxe5 
Qf6 9.Ng4 Qg5 10.e4 d6 11.Ne3 Nf6 12.Ncd5 O-O 13.d3 Nxd5 14.Nxd5 Qe5 15.
Bf4 Nc2+ 16.Kd2 Qxa1 17.Nxc7 Qd4 18.Nxa8 Qxf2+ 19.Be2 Qxf4+ 20.Kxc2 Be6 
21.b6 Bb8 22.Kb1 Qe3 23.Re1 Qc5 24.d4 Qxa3 25.d5 Bd7 26.Bh5 g6 27.Qd2 Qxa8
28.Re2 Qa6 29.Qg5 Qxb6+ 30.Rb2 Qg1+ 31.Ka2 Bc7 0-1

[Event "VIII Primavera de Gros"]
[Site "Donostia-San Sebastian"]
[Date "2012.05.19"]
[Round "5"]
[White "Bello Castano, Diego"]
[Black "Vicente Ezeiza, Mikel"]
[Result "1/2-1/2"]
[WhiteElo "1901"]
[BlackElo "1616"]

1.Nf3 d5 2.b3 Bg4 3.e3 e6 4.Bb2 Nf6 5.h3 Bh5 6.g4 Bg6 7.Ne5 Nbd7 8.d3 Nxe5
9.Bxe5 Bd6 10.Bb2 e5 11.Nd2 Qe7 12.Qe2 Ba3 13.O-O-O O-O-O 14.f4 exf4 15.
exf4 Qxe2 16.Bxe2 Bxb2+ 17.Kxb2 Rhe8 18.Bf3 h6 19.f5 Bh7 20.Rde1 c6 21.h4 
Nd7 22.d4 1/2-1/2

[Event "VIII Primavera de Gros"]
[Site "Donostia-San Sebastian"]
[Date "2012.05.19"]
[Round "5"]
[White "Zubia Aramburu, Mikel"]
[Black "Sanchez Ruesga, Carlos"]
[Result "0-1"]
[WhiteElo "1828"]
[BlackElo "1436"]

1.c4 c5 2.Nc3 Nc6 3.g3 g6 4.Bg2 Bg7 5.e3 e6 6.Nge2 Nf6 7.O-O O-O 8.d4 cxd4
9.exd4 d5 10.cxd5 Nxd5 11.Nxd5 exd5 12.Be3 Re8 13.Nf4 Be6 14.Rc1 Na5 15.b3
Qd7 16.Nxe6 fxe6 17.Qd2 Nc6 18.Rfd1 Rac8 19.Rc5 Ne7 20.Rdc1 Rxc5 21.dxc5 
Nf5 22.Bf4 Rc8 23.b4 Kh8 24.Re1 Kg8 25.Rxe6 d4 26.Re1 a5 27.a3 axb4 28.
axb4 Qf7 29.Be5 Ra8 30.Bxg7 Kxg7 31.Qd3 Qd7 32.Bh3 Rd8 33.Re5 Kf6 34.Re4 
Qd5 35.Bg2 Ra8 36.Re1 Qd7 37.Qe4 Ra7 38.g4 Ne7 39.Qe5+ Kf7 40.g5 Ra6 41.
Qh8 d3 42.Bf1 Ra2 43.Qxh7+ Kf8 44.Qh8+ Ng8 45.Qh4 Qf5 46.Rd1 d2 47.Qg3 Ne7
48.Bd3 Qe6 49.Qf3+ Nf5 50.Be4 Kg7 51.Qc3+ Kh7 52.f3 Qd7 53.Qd3 Qxd3 54.
Bxd3 Ne3 55.Rxd2 Rxd2 56.Be4 Rd7 57.b5 Rc7 58.c6 bxc6 59.bxc6 Nc4 60.h4 
Kg7 61.f4 Na5 62.f5 gxf5 63.Bxf5 Nxc6 0-1

[Event "VIII Primavera de Gros"]
[Site "Donostia-San Sebastian"]
[Date "2012.05.19"]
[Round "5"]
[White "Abalia Patino, Aritz"]
[Black "Cantabrana Garona, Alejandro"]
[Result "1-0"]
[WhiteElo "1599"]
[BlackElo "1820"]

1.e4 g6 2.d4 Bg7 3.c4 d6 4.Nc3 Nf6 5.Nf3 O-O 6.Be3 Ng4 7.Bg5 f6 8.Bh4 c6 
9.Qc2 a5 10.Rd1 Qc7 11.Bd3 e5 12.d5 Na6 13.h3 Nh6 14.g4 Nf7 15.a3 Nc5 16.
Na4 Nxd3+ 17.Qxd3 Bd7 18.c5 cxd5 19.Nb6 dxe4 20.Nxa8 Rxa8 21.Qxe4 Bc6 22.
Qe3 d5 23.O-O d4 24.Qb3 a4 25.Qd3 e4 26.Qxd4 exf3 27.Bxf6 Ng5 28.Qc4+ Kf8 
29.Bxg5 Be5 30.Bh6+ Ke7 31.Rfe1 1-0

[Event "VIII Primavera de Gros"]
[Site "Donostia-San Sebastian"]
[Date "2012.05.19"]
[Round "5"]
[White "Parron Luceno, David"]
[Black "Saenz Zabala, Juan Ignacio"]
[Result "0-1"]
[WhiteElo "1570"]
[BlackElo "1794"]

1.Nf3 b6 2.b4 Bb7 3.e3 e6 4.Bb2 f5 5.a3 Nf6 6.d3 Be7 7.g3 c5 8.b5 O-O 9.
Bg2 Qc7 10.O-O d6 11.Ng5 Bxg2 12.Kxg2 Qd7 13.c4 h6 14.Nh3 g5 15.Nd2 d5 16.
Rc1 Qb7 17.Kg1 Nbd7 18.f4 Ng4 19.Qf3 Nxh2 20.Qh5 Nf6 21.Qg6+ Kh8 22.Qxh6+ 
Kg8 23.Kxh2 Ng4+ 0-1

[Event "VIII Primavera de Gros"]
[Site "Donostia-San Sebastian"]
[Date "2012.05.26"]
[Round "6"]
[White "Argandona Riveiro, Inigo"]
[Black "Guijarro Galan, Jose Luis"]
[Result "0-1"]
[WhiteElo "2388"]
[BlackElo "2142"]

1.Nf3 Nf6 2.c4 e6 3.g3 d5 4.Bg2 Be7 5.O-O O-O 6.d4 dxc4 7.Qa4 a6 8.Qxc4 b5
9.Qc2 Bb7 10.Bd2 Nbd7 11.Ba5 Nb6 12.Nbd2 Rc8 13.b4 Nfd7 14.Rfd1 Bd6 15.
Rac1 g6 16.e4 Qe7 17.a3 e5 18.Ne1 exd4 19.e5 Bxg2 20.Bxb6 Nxb6 21.Nxg2 
Qxe5 22.Nf3 Qf6 23.Nxd4 c5 24.Nb3 cxb4 25.Qd3 Rxc1 26.Nxc1 Bc5 27.axb4 
Qxf2+ 28.Kh1 Bxb4 29.Rf1 Qd2 30.Qf3 Qd5 31.Qf6 Nc4 32.Ne2 Bd6 33.Kg1 Nd2 
34.Rc1 Bc5+ 35.Kh1 Ne4 36.Nef4 Qd2 37.Qa1 Nf2+ 38.Kg1 Qxc1+ 39.Qxc1 Nd3+ 
40.Qxc5 Nxc5 41.Nd5 a5 42.Nge3 a4 43.Nc2 Rd8 44.Nc3 a3 45.Kf1 Rd2 46.Nb4 
0-1

[Event "VIII Primavera de Gros"]
[Site "Donostia-San Sebastian"]
[Date "2012.05.26"]
[Round "6"]
[White "Pinilla Santibanez, Roberto"]
[Black "Gonzalez Blanco, Aitor"]
[Result "1/2-1/2"]
[WhiteElo "2077"]
[BlackElo "2012"]

1.d4 e6 2.e4 b6 3.Nf3 Bb7 4.Bd3 c5 5.O-O d6 6.Qe2 Nd7 7.c3 Ngf6 8.Re1 Be7 
9.Nbd2 O-O 10.e5 Ne8 11.Ne4 Bxe4 12.Qxe4 g6 13.d5 exd5 14.Qxd5 Nc7 15.Qe4 
Nxe5 16.Nxe5 dxe5 17.Bh6 Re8 18.Rad1 Bd6 19.Bc2 Qe7 20.f4 exf4 21.Qxe7 
Bxe7 22.Rd7 Bh4 23.Rf1 Ne6 24.Bb3 Re7 25.Rxe7 Bxe7 26.Re1 g5 27.h4 g4 28.
Bxf4 Bxh4 29.Rf1 Re8 30.g3 Bf6 31.Bh6 Bg7 32.Be3 h5 33.Rf5 Nd8 34.Kf2 Ne6 
35.Rxh5 Bf6 36.Rf5 Kg7 37.Bxe6 Rxe6 38.Rf4 Be5 39.Rxg4+ Rg6 40.Rxg6+ Kxg6 
41.Kf3 Kf5 42.g4+ Ke6 43.Ke4 Bd6 44.c4 a6 45.a4 Be7 46.b3 Bd6 47.Bg5 Bc7 
48.Bd2 Bh2 49.Bf4 Bxf4 50.Kxf4 Kf6 51.a5 bxa5 52.Ke4 Kg5 53.Kd5 Kxg4 54.
Kxc5 f5 55.Kd4 f4 56.c5 f3 57.c6 f2 58.c7 f1=Q 59.c8=Q+ Kh5 60.Qh8+ Kg6 
61.Qg8+ Kh6 62.Qe6+ Kh7 63.Qe4+ Kh6 64.Qc6+ Kg7 65.Qc7+ Kf6 66.Qe5+ Kf7 
67.Qxa5 Qd1+ 68.Kc4 Qg4+ 69.Kc5 Qf5+ 70.Kb4 Qf4+ 71.Kc3 Qe3+ 72.Kb2 Qe2+ 
73.Ka3 Ke8 74.Qc5 Kd7 75.Qb6 Qb5 76.Qd4+ Kc6 77.Qf6+ Kc7 78.Qe7+ Kc6 79.
Qe8+ Kc5 80.Qc8+ Kd4 81.Qh8+ Kd5 82.Qh5+ Kc6 83.Qe8+ Kc5 84.Qf8+ Kc6 85.
Qc8+ Kd5 86.b4 Qd3+ 87.Ka4 Qb5+ 88.Kb3 Qd3+ 89.Ka4 Qb5+ 1/2-1/2

[Event "VIII Primavera de Gros"]
[Site "Donostia-San Sebastian"]
[Date "2012.05.26"]
[Round "6"]
[White "Etxagibel Larranaga, Asier"]
[Black "Elizondo Market, Juan Marcos"]
[Result "1-0"]
[WhiteElo "2026"]
[BlackElo "1865"]

1.d4 d5 2.Nf3 Nf6 3.c4 dxc4 4.g3 Bf5 5.Bg2 c6 6.a4 h6 7.O-O e6 8.Na3 Na6 
9.Nxc4 Nb4 10.Ne3 Bh7 11.Bd2 Ne4 12.Bc3 Be7 13.a5 Nxc3 14.bxc3 Nd5 15.Nxd5
exd5 16.a6 b6 17.Ne5 Rc8 18.Qb3 O-O 19.c4 Be4 20.Bxe4 dxe4 21.Qe3 f5 22.
Ng6 Rf6 23.Nxe7+ Qxe7 24.Qb3 c5 25.d5 f4 26.gxf4 Rxf4 27.Qh3 Re8 28.Ra3 
Rh4 29.Qg2 Rf8 30.Rg3 Rf7 31.e3 Qe5 32.Rg4 Rxg4 33.Qxg4 Rf5 34.Kh1 Rg5 35.
Qh4 Qf5 36.Qf4 Qxf4 37.exf4 Rg4 38.d6 Kf8 39.f5 Rf4 40.Re1 Ke8 41.Rg1 Kd7 
42.Rxg7+ Kxd6 43.Rxa7 Rxf2 44.Kg1 e3 45.Rh7 Ra2 46.a7 Ra1+ 47.Kg2 Ke5 48.
Kf3 Ra3 49.Rf7 Kd4 50.Rd7+ Kxc4 51.f6 Ra2 52.Kxe3 Kb5 53.f7 1-0

[Event "VIII Primavera de Gros"]
[Site "Donostia-San Sebastian"]
[Date "2012.05.26"]
[Round "6"]
[White "Izquierdo Arruferia, Joseba"]
[Black "Tholey, Jean-Paul"]
[Result "1-0"]
[WhiteElo "1826"]
[BlackElo "1978"]

1.e4 e6 2.d4 d5 3.exd5 exd5 4.Bd3 Bd6 5.Nf3 Nf6 6.O-O O-O 7.Bg5 Bg4 8.Nbd2
Nbd7 9.c3 c6 10.Qc2 Qc7 11.Bf5 Bxf5 12.Qxf5 Rfe8 13.Rfe1 Rad8 14.Bh4 Qb8 
15.Bg3 Bxg3 16.hxg3 Rxe1+ 17.Rxe1 Re8 18.Qb1 g6 19.Kf1 Kg7 20.Re2 Rxe2 21.
Kxe2 Qe8+ 22.Kf1 Ng4 23.Qe1 Qxe1+ 24.Nxe1 f5 25.Nd3 Kf6 26.f3 Nh6 27.Nb3 
b6 28.Nb4 Nb8 29.Nc1 Nf7 30.Ncd3 a5 31.Nc2 Nd7 32.Ne3 g5 33.Ke2 Nd6 34.Kf2
Ke6 35.Nc2 Ne8 36.Ne3 Nef6 37.Nc2 Nh5 38.Ne3 c5 39.Nxf5 Kxf5 40.g4+ Kg6 
41.gxh5+ Kxh5 42.f4 c4 43.Ne5 Nf6 44.fxg5 Kxg5 45.Kf3 h5 46.Nc6 Kf5 47.Ne5
h4 48.Nc6 a4 49.a3 Ne4 50.Ne7+ Ke6 51.Ng6 Ng5+ 52.Kg4 Ne4 53.Kf3 Ng5+ 54.
Ke3 h3 55.Nf4+ Kf5 56.gxh3 b5 57.h4 Nf7 58.Nxd5 Kg4 59.Ke4 Kxh4 60.Nc7 Kg5
61.Nxb5 Kf6 62.Kd5 1-0

[Event "VIII Primavera de Gros"]
[Site "Donostia-San Sebastian"]
[Date "2012.05.26"]
[Round "6"]
[White "Saenz Zabala, Juan Ignacio"]
[Black "Ros Eskisabel, Jose Ramon"]
[Result "0-1"]
[WhiteElo "1794"]
[BlackElo "2100"]

1.e4 c5 2.Nc3 g6 3.f4 Bg7 4.Nf3 Nc6 5.Bc4 e6 6.d3 Nge7 7.Be3 d5 8.exd5 
exd5 9.Bxc5 dxc4 10.dxc4 Qa5 11.Bd4 Nxd4 12.Nxd4 O-O 13.O-O Qc5 14.Ne2 Nf5
15.c3 Ne3 0-1

[Event "VIII Primavera de Gros"]
[Site "Donostia-San Sebastian"]
[Date "2012.05.26"]
[Round "6"]
[White "Navascues Zabaleta, Jesus"]
[Black "Galarza Cenzano, Inigo"]
[Result "0-1"]
[WhiteElo "1755"]
[BlackElo "2002"]

1.e4 c5 2.Nf3 Nc6 3.d4 cxd4 4.Nxd4 e5 5.Nb5 a6 6.N5a3 Nf6 7.Bd3 d5 8.exd5 
Qxd5 9.O-O Bg4 10.Be2 Qxd1 11.Bxd1 Bc5 12.Bxg4 Nxg4 13.h3 Nf6 14.c3 O-O-O 
15.Nc4 Rd3 16.Be3 Ne4 17.Bxc5 Nxc5 18.Nba3 Rhd8 19.Rfe1 f6 20.Re2 b5 21.
Ne3 Rd2 22.Rae1 Na4 23.c4 b4 24.Nac2 Nxb2 25.Nd5 Rxe2 26.Rxe2 Nxc4 27.
Ncxb4 Nd4 28.Re1 a5 29.Ne7+ Kd7 30.Nbd5 Ke6 31.Rb1 Rxd5 32.Nxd5 Kxd5 33.
Rb7 Ne2+ 34.Kf1 Nc3 35.a3 Nxa3 36.Rxg7 a4 37.Rxh7 Nc4 38.Ra7 a3 39.h4 a2 
40.h5 Nd6 41.h6 Nf7 42.h7 Nh8 43.Ke1 Kc4 44.Kd2 Kb3 45.Rb7+ Ka3 46.Kc2 
a1=Q 47.Rb3+ Ka4 48.Rxc3 Qa2+ 49.Kd3 Qb1+ 50.Rc2 0-1

[Event "VIII Primavera de Gros"]
[Site "Donostia-San Sebastian"]
[Date "2012.05.26"]
[Round "6"]
[White "Sanchez Ruesga, Carlos"]
[Black "Rodriguez Cabrera, Fco  Javier"]
[Result "1/2-1/2"]
[WhiteElo "1436"]
[BlackElo "1970"]

1.d4 Nf6 2.Nf3 g6 3.e3 Bg7 4.Be2 O-O 5.O-O b6 6.c4 Bb7 7.Nc3 d5 8.cxd5 
Nxd5 9.Nxd5 Bxd5 10.Qc2 Nd7 11.Rd1 Nf6 12.b3 Ne4 13.Bb2 Rc8 14.Ba6 Rb8 15.
Rac1 c6 16.Bc4 e6 17.Bxd5 cxd5 18.Nd2 Rc8 19.Qxc8 Qxc8 20.Rxc8 Rxc8 21.
Nxe4 dxe4 22.Rc1 Rxc1+ 23.Bxc1 Kf8 24.f3 exf3 25.gxf3 Ke7 26.Kf2 b5 27.
Ba3+ Kd7 28.Ke2 a5 29.Bc5 Kc6 30.Kd3 f5 1/2-1/2

[Event "VIII Primavera de Gros"]
[Site "Donostia-San Sebastian"]
[Date "2012.05.26"]
[Round "6"]
[White "Abalia Patino, Aritz"]
[Black "Fernandez Zubitur, Jokin"]
[Result "1/2-1/2"]
[WhiteElo "1599"]
[BlackElo "1927"]

1.c4 Nf6 2.Nc3 e6 3.Nf3 Be7 4.g3 b6 5.Bg2 Bb7 6.O-O O-O 7.d4 Ne4 8.Qc2 
Nxc3 9.bxc3 d6 10.Ng5 Bxg5 11.Bxb7 Bxc1 12.Raxc1 Nd7 13.Bxa8 Qxa8 14.a4 f5
15.a5 Qc6 16.axb6 Nxb6 17.Ra1 Ra8 18.Ra6 Qxc4 19.Rfa1 Nd5 20.Qd3 Qxd3 21.
exd3 Nxc3 22.Rxa7 Rxa7 23.Rxa7 Nd5 1/2-1/2

[Event "VIII Primavera de Gros"]
[Site "Donostia-San Sebastian"]
[Date "2012.05.26"]
[Round "6"]
[White "Tung, Siu Hung"]
[Black "Ortega Lopez, Mikel"]
[Result "0-1"]
[WhiteElo "1908"]
[BlackElo "1793"]

1.e4 c5 2.Nf3 e6 3.d4 cxd4 4.Nxd4 a6 5.Be3 b5 6.Bd3 Bb7 7.O-O Qc7 8.a4 b4 
9.c3 Nf6 10.Nd2 Nc6 11.Rc1 bxc3 12.Rxc3 Be7 13.f4 O-O 14.Kh1 Qb8 15.Qf3 
Nxd4 16.Bxd4 Bc6 17.Nc4 Qb4 18.Qg3 g6 19.f5 Bxe4 20.Bxe4 Nxe4 21.Qe5 Bf6 
22.Qxe4 d5 23.Qe3 Bxd4 24.Qxd4 dxc4 25.Rxc4 Qa5 26.f6 Qg5 27.Rc5 Rad8 28.
Qc4 Qd2 29.Qxa6 Qxb2 30.Qc6 Qxf6 31.Rcc1 Qd4 32.a5 Qd3 33.Ra1 Rd6 34.Qb7 
Rd7 35.Qb6 Rd6 36.Qf2 Ra6 37.Rfd1 Rxa5 38.Rac1 Qa6 39.Qf6 Rf5 40.Qe7 Qe2 
41.Re1 Qf2 42.h3 Qg3 43.Qb7 Rd8 44.Qb4 Rf2 45.Rg1 h5 46.Rc3 Rd3 47.Rc8+ 
Kh7 48.Qf8 Qxh3+ 0-1

[Event "VIII Primavera de Gros"]
[Site "Donostia-San Sebastian"]
[Date "2012.05.26"]
[Round "6"]
[White "Puga Senar, Fernando"]
[Black "Alvarado Fernandez, Mikel"]
[Result "1-0"]
[WhiteElo "1788"]
[BlackElo "2006"]

1.d4 e6 2.c4 b6 3.Nf3 Bb7 4.Nc3 Nf6 5.Bg5 Be7 6.e3 O-O 7.Bd3 c5 8.O-O Nc6 
9.Rc1 h6 10.Bf4 cxd4 11.exd4 d5 12.a3 dxc4 13.Bxc4 Na5 14.Ba2 Rc8 15.Qe2 
Nd5 16.Nxd5 exd5 17.Rxc8 Bxc8 18.Ne5 Bf6 19.Qd3 Bxe5 20.dxe5 Be6 21.Bb1 f5
22.exf6 Qxf6 23.Bd6 Rd8 24.Bb4 Nc6 25.Bc3 d4 26.Bd2 Ne5 27.Qg3 Nc4 28.Bc1 
Ne5 29.Re1 Nd7 30.Qd6 Nc5 31.Qc7 Rf8 32.Qg3 d3 33.b4 Nb3 34.Bxd3 Nxc1 35.
Rxc1 Rd8 36.h3 Qd4 37.Rc7 Bf7 38.Bb5 Qa1+ 39.Kh2 Qf6 40.Rxa7 h5 41.Rd7 Re8
42.Rd6 Qe7 43.Rxb6 h4 44.Qd6 Qe5+ 45.Qxe5 Rxe5 46.Bd3 Bd5 47.Bg6 Kf8 48.f3
Re2 49.Be4 Bc4 50.Rc6 Bb5 51.Rc2 Re1 52.Rb2 Ra1 53.Rb3 Ra2 54.f4 Kf7 55.
Bd3 Bc6 56.Bf1 Kf6 57.b5 Bd5 58.Rd3 Be4 59.Rc3 Kf5 60.Kg1 Kxf4 61.Rc4 Ke5 
62.a4 Kd5 63.Rb4 Ra1 64.Kf2 Ra2+ 65.Ke3 g5 66.Rc4 1-0

[Event "VIII Primavera de Gros"]
[Site "Donostia-San Sebastian"]
[Date "2012.05.26"]
[Round "6"]
[White "Vicente Ezeiza, Mikel"]
[Black "Aranzabal Minguez, Alex"]
[Result "0-1"]
[WhiteElo "1616"]
[BlackElo "1913"]

1.Nc3 c5 2.Nf3 g6 3.d4 cxd4 4.Nxd4 Bg7 5.e4 Nc6 6.Be3 Nf6 7.Be2 O-O 8.Qd2 
d5 9.exd5 Nxd5 10.Nxd5 Qxd5 11.Bf3 Qe5 12.Nxc6 bxc6 13.c3 Ba6 14.O-O-O Qa5
15.a3 Bb5 16.Be4 Rfd8 17.Qe1 Qa4 18.Bc2 Qc4 19.Rxd8+ Rxd8 20.Bxa7 Qa2 21.
Qxe7 Qa1+ 22.Bb1 Rd5 23.Bd4 Bd3 24.Qe8+ Bf8 25.Kd2 Bxb1 26.Qxc6 Bh6+ 27.
Ke2 Qxb2+ 28.Kf3 Rf5+ 29.Kg4 Qe2+ 30.Kh3 Qh5+ 0-1

[Event "VIII Primavera de Gros"]
[Site "Donostia-San Sebastian"]
[Date "2012.05.26"]
[Round "6"]
[White "Lopez Garcia, Jose"]
[Black "Fuente San Sebastian, Ernesto"]
[Result "0-1"]
[WhiteElo "1608"]
[BlackElo "1906"]

1.e4 Nf6 2.Nc3 d5 3.exd5 Nxd5 4.Nf3 Bg4 5.g3 e6 6.Bg2 Nc6 7.d4 Bb4 8.Qd2 
Qf6 9.Qd3 Bxf3 10.Bxf3 Qxd4 11.Bxd5 Bxc3+ 12.bxc3 Qxd5 13.Qxd5 exd5 14.Bg5
Ne5 15.O-O-O f6 16.Be3 O-O-O 17.f4 Nc4 18.Bxa7 b6 19.Rhe1 Rhe8 20.a4 Kb7 
21.Bxb6 Kxb6 22.Rxe8 Rxe8 23.Kb1 c6 24.Ka2 Re2 25.Kb3 Kc5 26.h4 f5 27.Ra1 
Re7 28.Rc1 Rb7+ 29.Ka2 Ra7 30.Kb3 Nd2+ 31.Ka3 Ne4 32.Kb3 Rb7+ 33.Ka3 Nxc3 
34.Re1 Kc4 35.Re6 c5 36.a5 Ra7 37.a6 Ne4 38.Ka4 Nc3+ 39.Ka5 Nb5 40.Rb6 Nc7
41.h5 d4 42.h6 g6 43.Rc6 Rxa6+ 44.Rxa6 Nxa6 45.Kxa6 Kc3 46.Kb5 Kxc2 47.
Kxc5 d3 48.Kd4 d2 49.Ke5 d1=Q 50.Kf6 Qd7 0-1

[Event "VIII Primavera de Gros"]
[Site "Donostia-San Sebastian"]
[Date "2012.05.26"]
[Round "6"]
[White "Izagirre Alsua, Aritz"]
[Black "Ezkerro Hernandez, Pablo"]
[Result "1/2-1/2"]
[WhiteElo "1828"]
[BlackElo "1693"]

1.e4 e6 2.d3 g6 3.g3 Bg7 4.Bg2 b6 5.Nf3 Bb7 6.Nbd2 d6 7.c3 Ne7 8.O-O O-O 
9.Re1 Nd7 10.h4 c5 11.Nf1 h6 12.d4 Qc7 13.N1h2 Kh7 14.Qe2 d5 15.e5 Rac8 
16.Bd2 cxd4 17.cxd4 Qc4 18.Qe3 Ba6 19.Bf1 Qa4 20.Bxa6 Qxa6 21.g4 Rc6 22.h5
f6 23.exf6 Nxf6 24.Ne5 Rc2 25.hxg6+ Nxg6 26.Nxg6 Kxg6 27.Qxe6 Qd3 28.Be3 
Re8 29.Qf5+ Qxf5 30.gxf5+ Kxf5 31.b4 Ng4 32.Nxg4 Kxg4 33.Kg2 Re4 34.Rec1 
Rb2 35.Rcb1 Rc2 36.Rc1 Rb2 37.Rcb1 Rc2 38.Rb3 1/2-1/2

[Event "VIII Primavera de Gros"]
[Site "Donostia-San Sebastian"]
[Date "2012.05.26"]
[Round "6"]
[White "Lakunza Oyarbide, Juan Carlos"]
[Black "Sanchez Merino, Christian"]
[Result "1-0"]
[WhiteElo "2111"]
[BlackElo "1601"]

1.d4 g6 2.c4 Bg7 3.Nc3 Nf6 4.e4 d6 5.Nge2 O-O 6.h3 Nbd7 7.Bg5 c5 8.Qd2 Qa5
9.d5 Re8 10.Ng3 a6 11.Be2 Rb8 12.a4 Qb4 13.O-O Ne5 14.Nb1 Qxd2 15.Bxd2 e6 
16.f4 Ned7 17.Nc3 Nb6 18.Bd3 exd5 19.exd5 Bd7 20.Kh2 Re7 21.f5 Rf8 22.Bg5 
Ree8 23.b3 Nc8 24.Rac1 Ne7 25.Rc2 Bc8 26.Bf4 Rd8 27.Re2 Nxf5 28.Bxf5 Bxf5 
29.Nxf5 gxf5 30.Bg5 Nh5 31.Bxd8 Rxd8 32.Rf3 Be5+ 33.Rxe5 dxe5 34.Rxf5 Nf4 
35.Rxe5 Nd3 36.Re3 Nb4 37.Re7 b6 38.Kg3 Kg7 39.Ne4 Kg6 40.Rb7 Kf5 41.Kf3 
Kg6 42.Kg3 f5 1-0